[Event "London Classic op 10th"]
[Site "London"]
[Date "2018.12.10"]
[Round "2"]
[White "Rice, Christopher"]
[Black "Myllari, Mikko"]
[Result "1-0"]
[WhiteElo "1963"]
[BlackElo "1452"]
[PlyCount "39"]
[EventDate "2018.12.09"]
[EventType "swiss"]
[EventRounds "9"]
[EventCountry "ENG"]
[SourceTitle "CBM 187 Extra"]
[Source "ChessBase"]
[SourceDate "2018.11.04"]
[SourceVersion "1"]
[SourceVersionDate "2018.11.04"]
[SourceQuality "1"]

1. c4 b6 2. Nc3 Bb7 3. e4 e6 4. Nge2 Bb4 5. g3 f5 6. d3 Nf6 7. Bg2 fxe4 8. 0-0 0-0 9. dxe4 Bc5 10. h3 Qe8 11. Nf4 e5 12. Nfd5 Nh5 13. Nxc7 Qf7 14. Be3 Qxc4 15. Qxh5 Bxe3 16. fxe3 Qxc7 17. Rxf8+ Kxf8 18. Rf1+ Ke7 19. Qf7+ Kd6 20. Nb5+ 1-0